Business Publisher

Detalles Bibliográficos
Formato: Desconocido
Lenguaje:inglés
Publicado: Estados Unidos : JK Publishing, Inc
Materias:
Acceso en línea:Acceso restringido

MARC

LEADER 00000ny a22000003n 4500
005 2011051107547.0
008 071017c us mr pss 0 a0eng d
022 |a 1555-6069 
035 |a 2869  
040 |a BUS  |d vLex 
090 |c 1620  |d 1620 
245 3 0 |a Business Publisher  |h [Recurso electrn̤ico] 
256 |a Servicio en ln̕ea 
260 |a Estados Unidos :  |b JK Publishing, Inc  
310 |a Mensual 
506 1 |a Contenido solo disponible en los productos indicados  |d vLex Global  |d vLex Global (Academic Edition, excluding Law Schools)  |d vLex Global (Academic Edition, Law Schools) 
650 0 4 |a Negocios  |x Publicaciones perid̤icas 
740 0 |a vLex Revista (Servicios en ln̕ea) 
843 |a Electrn̤ica. Abierta 
853 |8 1  |i (year)  |j (month)  |k (day) 
856 4 0 |z Acceso restringido  |u http://vlex.com/account/login_ip?fuente_id=2869  
942 |c REV